[Event "Mestre Cipressina op-A 4th"]
[Site "Mestre"]
[Date "2015.11.28"]
[Round "1"]
[White "Mrdja, Milan"]
[Black "Roberti, Ignazio"]
[Result "1-0"]
[WhiteElo "2369"]
[BlackElo "1890"]
[PlyCount "75"]
[EventDate "2015.11.27"]
[EventType "swiss"]
[EventRounds "5"]
[EventCountry "ITA"]
[SourceTitle "EXT 2022"]
[Source "ChessBase"]
[SourceDate "2021.10.06"]
[SourceVersion "1"]
[SourceVersionDate "2021.10.06"]
[SourceQuality "1"]

1. e4 c5 2. Nf3 Nc6 3. Bb5 d6 4. 0-0 Bg4 5. h3 Bh5 6. Re1 Nf6 7. c3 Qb6 8. Na3 e6 9. d3 Be7 10. Ba4 a6 11. g4 Bg6 12. Bc2 Nd7 13. Nc4 Qc7 14. Bf4 b5 15. Ne3 Nde5 16. Nh2 Qd8 17. d4 cxd4 18. cxd4 Nc4 19. Nxc4 bxc4 20. Ba4 Qb6 21. d5 0-0 22. Bxc6 Rab8 23. Qe2 Qxb2 24. Qxc4 Rb4 25. Qc1 Qd4 26. Be3 Qf6 27. g5 Qe5 28. Ng4 Qxe4 29. dxe6 d5 30. Qd1 fxe6 31. Bd2 Qf5 32. Bxb4 Bxb4 33. Rxe6 Bc5 34. Qxd5 Bxf2+ 35. Kg2 Qf7 36. Rxg6 hxg6 37. Qxf7+ Kxf7 38. Nxf2 1-0

[Event "Nicolo La Rosa op 18th"]
[Site "Mazara del Vallo"]
[Date "2010.08.18"]
[Round "2"]
[White "Roberti, Ignazio"]
[Black "Isonzo, Davide"]
[Result "0-1"]
[WhiteElo "1933"]
[BlackElo "2357"]
[PlyCount "60"]
[EventDate "2010.08.18"]
[EventType "swiss"]
[EventRounds "9"]
[EventCountry "ITA"]
[SourceTitle "EXT 2024"]
[Source "ChessBase"]
[SourceDate "2023.10.10"]
[SourceVersion "1"]
[SourceVersionDate "2023.10.10"]
[SourceQuality "1"]

1. Nf3 Nf6 2. b3 g6 3. Bb2 Bg7 4. e4 0-0 5. d3 d5 6. exd5 Nxd5 7. Bxg7 Kxg7 8. c4 Nf6 9. Nc3 c5 10. Be2 Nc6 11. 0-0 Bf5 12. Rc1 Qd7 13. Nh4 Rfd8 14. Nxf5+ Qxf5 15. Na4 Nb4 16. a3 Nxd3 17. Bxd3 Rxd3 18. Qc2 Rad8 19. Nb2 Rd2 20. Qxf5 gxf5 21. Rcd1 Ne4 22. f3 Nc3 23. Rxd2 Rxd2 24. Na4 Ne2+ 25. Kh1 b6 26. b4 cxb4 27. g3 bxa3 28. c5 b5 29. Nb6 axb6 30. cxb6 Rd6 0-1

[Event "Nicolo La Rosa op 15th"]
[Site "Mazara del Vallo"]
[Date "2007.08.10"]
[Round "2"]
[White "Di Dia, Benedetto"]
[Black "Roberti, Ignazio"]
[Result "0-1"]
[WhiteElo "1584"]
[BlackElo "1960"]
[PlyCount "76"]
[EventDate "2007.08.10"]
[EventType "swiss"]
[EventRounds "6"]
[EventCountry "ITA"]
[SourceTitle "EXT 2011"]
[Source "ChessBase"]
[SourceDate "2010.11.26"]
[SourceVersion "1"]
[SourceVersionDate "2010.11.26"]
[SourceQuality "1"]

1. e4 Nc6 2. Nf3 Nf6 3. Nc3 d5 4. e5 Ne4 5. d3 Nxc3 6. bxc3 d4 7. Bb2 dxc3 8. Bxc3 Bg4 9. Be2 e6 10. 0-0 Bc5 11. d4 Bxf3 12. Bxf3 Nxd4 13. Bxd4 Bxd4 14. Bxb7 Bxa1 15. Bxa8 Qxd1 16. Rxd1 Bxe5 17. Bc6+ Ke7 18. Rd7+ Kf6 19. g3 Bd6 20. h4 Rb8 21. g4 g6 22. g5+ Kg7 23. c3 Rb6 24. Be4 Ra6 25. Bf3 Rxa2 26. h5 Ra5 27. h6+ Kg8 28. Rd8+ Bf8 29. Bg2 Rxg5 30. Rc8 Rc5 31. Ra8 Rxc3 32. Rxa7 Bxh6 33. Ra5 c5 34. Bf1 Rc1 35. Kg2 Kg7 36. Ra4 Bd2 37. Be2 Kf6 38. Kf3 Ke5 0-1

[Event "Chioggia op-A 02nd"]
[Site "Chioggia"]
[Date "2007.05.18"]
[Round "1"]
[White "Roberti, Ignazio"]
[Black "Redo, Nicola"]
[Result "0-1"]
[WhiteElo "1963"]
[BlackElo "2222"]
[PlyCount "114"]
[EventDate "2007.05.18"]
[EventType "swiss"]
[EventRounds "5"]
[EventCountry "ITA"]
[SourceTitle "EXT 2022"]
[Source "ChessBase"]
[SourceDate "2021.10.06"]
[SourceVersion "1"]
[SourceVersionDate "2021.10.06"]
[SourceQuality "1"]

1. Nf3 c5 2. b3 Nf6 3. Bb2 d5 4. e3 a6 5. c4 e6 6. Be2 Nc6 7. 0-0 d4 8. exd4 cxd4 9. d3 Bd6 10. Nbd2 e5 11. Re1 0-0 12. Ng5 Nd7 13. Nge4 Be7 14. Ng3 f5 15. Bf3 Bd6 16. a3 Nc5 17. Bd5+ Kh8 18. Nf3 Qf6 19. b4 Nd7 20. c5 Bc7 21. Qd2 Ne7 22. Bc4 h6 23. Bxd4 Nc6 24. Bc3 Qg6 25. d4 e4 26. Nh4 Qg4 27. Nhxf5 Rxf5 28. Rxe4 Bf4 29. Qe1 Rf8 30. d5 Nce5 31. h3 Qg5 32. Bf1 Nf6 33. d6 Ng6 34. Bxf6 Qxf6 35. Nh5 Qg5 36. Nxf4 Nxf4 37. Kh2 Bd7 38. Ra2 Bc6 39. Re5 Nxg2 40. Qc3 Qf4+ 41. Qg3 Nh4 42. Qxf4 Rxf4 43. Kg3 Raf8 44. Be2 Nf3 45. Re7 Ng5 46. Bg4 Rd4 47. Rae2 Ne4+ 48. Kh2 Nf6 49. Be6 Rd8 50. Bf7 Kh7 51. Rc7 Re4 52. Rxe4 Nxe4 53. f4 Nf6 54. Be6 h5 55. Bc8 Ne8 56. Bxb7 Nxc7 57. dxc7 Rd2+ 0-1

[Event "Montebelluna op-A 5th"]
[Site "Montebelluna"]
[Date "2007.03.11"]
[Round "4"]
[White "Pomaro, Alberto"]
[Black "Roberti, Ignazio"]
[Result "1-0"]
[WhiteElo "2054"]
[BlackElo "1933"]
[PlyCount "71"]
[EventDate "2007.03.09"]
[EventType "swiss"]
[EventRounds "5"]
[EventCountry "ITA"]
[SourceTitle "EXT 2008"]
[Source "ChessBase"]
[SourceDate "2007.11.25"]
[SourceVersion "1"]
[SourceVersionDate "2007.11.25"]
[SourceQuality "1"]

1. d4 Nf6 2. c4 e6 3. Nf3 Bb4+ 4. Bd2 Qe7 5. g3 b6 6. Bg2 Bb7 7. 0-0 0-0 8. a3 Bxd2 9. Qxd2 c5 10. Nc3 d5 11. cxd5 Nxd5 12. Nxd5 Bxd5 13. dxc5 Qxc5 14. Rac1 Qe7 15. Qf4 Na6 16. e4 Bb7 17. b4 Rac8 18. e5 Nc7 19. Nd4 Bxg2 20. Kxg2 Nd5 21. Qd2 Qb7 22. Kg1 a6 23. b5 Rc5 24. a4 Rfc8 25. Qb2 a5 26. Nc6 Rxc1 27. Rxc1 h6 28. Qa3 Rc7 29. Rc4 Qc8 30. Qd6 Qf8 31. Nxa5 Ra7 32. Qxf8+ Kxf8 33. Rc8+ Ke7 34. Nc6+ Kd7 35. Nxa7 Nc7 36. Rg8 1-0

[Event "Magistrale 6th"]
[Site "Bassano del Grappa"]
[Date "2006.12.28"]
[Round "4.3"]
[White "Roberti, Ignazio"]
[Black "Caruso, Augusto"]
[Result "0-1"]
[WhiteElo "1927"]
[BlackElo "2267"]
[PlyCount "80"]
[EventDate "2006.12.26"]
[EventType "swiss"]
[EventRounds "7"]
[EventCountry "ITA"]
[SourceTitle "EXT 2023"]
[Source "ChessBase"]
[SourceDate "2022.10.05"]
[SourceVersion "1"]
[SourceVersionDate "2022.10.05"]
[SourceQuality "1"]

1. d4 Nf6 2. Nc3 d5 3. Nf3 Bf5 4. Nh4 Bg6 5. Nxg6 hxg6 6. g3 c5 7. dxc5 e6 8. Bg2 Bxc5 9. e4 d4 10. e5 Nfd7 11. Bxb7 dxc3 12. Bxa8 Qb6 13. Be3 cxb2 14. Rb1 Bxe3 15. fxe3 Qxe3+ 16. Qe2 Qc3+ 17. Kf2 Rh5 18. Be4 Rxe5 19. Qf3 Qd4+ 20. Qe3 Rxe4 21. Qxd4 Rxd4 22. Rxb2 Nb6 23. Ke3 Nc6 24. Kf3 g5 25. Re1 g4+ 26. Kf2 e5 27. c3 Rc4 28. Rb3 Ke7 29. Ke3 Ke6 30. Kd3 Ra4 31. Re2 f5 32. a3 g5 33. Re1 e4+ 34. Ke2 Na5 35. Rb5 Rxa3 36. Rf1 Ra2+ 37. Ke3 Nac4+ 38. Kd4 Rd2+ 39. Kc5 Rd5+ 40. Kb4 a5+ 0-1

[Event "Nicolo La Rosa op 14th"]
[Site "Mazara del Vallo"]
[Date "2006.08.12"]
[Round "3"]
[White "Roberti, Ignazio"]
[Black "Serio, Danilo"]
[Result "0-1"]
[WhiteElo "1918"]
[BlackElo "1940"]
[PlyCount "92"]
[EventDate "2006.08.11"]
[EventType "swiss"]
[EventRounds "6"]
[EventCountry "ITA"]
[SourceTitle "EXT 2011"]
[Source "ChessBase"]
[SourceDate "2010.11.26"]
[SourceVersion "1"]
[SourceVersionDate "2010.11.26"]
[SourceQuality "1"]

1. e4 d5 2. exd5 Nf6 3. d4 Bg4 4. Be2 Bxe2 5. Qxe2 Nxd5 6. Nf3 Nc6 7. c3 Qd7 8. Na3 0-0-0 9. 0-0 e6 10. Nc4 h5 11. Nfe5 Nxe5 12. Nxe5 Qe8 13. a4 a6 14. c4 Nb4 15. Be3 f6 16. Nf3 g5 17. Rfd1 h4 18. h3 g4 19. hxg4 Qg6 20. g5 h3 21. g3 Be7 22. d5 fxg5 23. Bd4 Rhf8 24. Ne5 Qf5 25. g4 h2+ 26. Kh1 Qh7 27. Nd3 Nc2 28. Qxe6+ Kb8 29. Ne5 Nxa1 30. Nd7+ Rxd7 31. Qxd7 Qe4+ 32. Kxh2 Bd6+ 33. Kg1 Qf4 34. c5 Qh2+ 35. Kf1 Qh1+ 36. Ke2 Qf3+ 37. Kd2 Nb3+ 38. Kc2 Nxd4+ 39. Rxd4 Qxf2+ 40. Rd2 Qxc5+ 41. Kb1 Rf1+ 42. Ka2 Qc4+ 43. b3 Ra1+ 44. Kxa1 Qc1+ 45. Ka2 Qxd2+ 46. Kb1 Qd1+ 0-1

[Event "Padova op 8th"]
[Site "Padova"]
[Date "2005.12.15"]
[Round "6"]
[White "Rosina, Graziano"]
[Black "Roberti, Ignazio"]
[Result "0-1"]
[WhiteElo "1509"]
[BlackElo "1937"]
[PlyCount "58"]
[EventDate "2005.12.10"]
[EventType "swiss"]
[EventRounds "9"]
[EventCountry "ITA"]
[SourceTitle "EXT 2008"]
[Source "ChessBase"]
[SourceDate "2007.11.25"]
[SourceVersion "1"]
[SourceVersionDate "2007.11.25"]
[SourceQuality "1"]

1. e4 c5 2. Nf3 a6 3. c3 d5 4. exd5 Qxd5 5. d4 Nf6 6. c4 Qe4+ 7. Be2 cxd4 8. Qxd4 Nc6 9. Qxe4 Nxe4 10. a3 g6 11. Nbd2 Nxd2 12. Bxd2 Bg7 13. 0-0-0 Bf5 14. Bc3 Bh6+ 15. Bd2 Bg7 16. Bc3 Bh6+ 17. Bd2 Na5 18. Nd4 Bxd2+ 19. Kxd2 0-0-0 20. Kc3 Bd7 21. b3 e5 22. Nc2 Nc6 23. g4 h5 24. h3 hxg4 25. hxg4 f5 26. f3 Nd4 27. Nxd4 exd4+ 28. Kxd4 Rhe8 29. Bd3 Bc6+ 0-1

[Event "Padova op 8th"]
[Site "Padova"]
[Date "2005.12.13"]
[Round "4"]
[White "Facchin, Francesco"]
[Black "Roberti, Ignazio"]
[Result "0-1"]
[WhiteElo "1506"]
[BlackElo "1937"]
[PlyCount "52"]
[EventDate "2005.12.10"]
[EventType "swiss"]
[EventRounds "9"]
[EventCountry "ITA"]
[SourceTitle "EXT 2008"]
[Source "ChessBase"]
[SourceDate "2007.11.25"]
[SourceVersion "1"]
[SourceVersionDate "2007.11.25"]
[SourceQuality "1"]

1. d4 Nf6 2. Nf3 e6 3. Bg5 h6 4. Bxf6 Qxf6 5. Nbd2 d5 6. e3 Nd7 7. Bd3 b6 8. Qe2 Bb7 9. e4 dxe4 10. Nxe4 Qd8 11. 0-0 Be7 12. Rfe1 0-0 13. Rad1 Nf6 14. Nxf6+ Bxf6 15. c3 a5 16. a3 Qe7 17. Be4 Bxe4 18. Qxe4 Rad8 19. Ne5 Rd6 20. Nc4 Rdd8 21. Ne5 Rd5 22. Rd3 Qd8 23. Red1 c5 24. dxc5 Rxe5 25. Qxe5 Qxd3 26. Rxd3 Bxe5 0-1